Countries with grey seals - Statistics

General Stats
  • This quiz has been taken 42 times
  • The average score is 17 of 19
Answer Stats
Answer % Correct
Canada
97%
Finland
94%
Norway
94%
Russia
94%
Sweden
94%
United States
94%
Denmark
91%
France
91%
United Kingdom
91%
Germany
89%
Ireland
89%
Belgium
86%
Estonia
86%
Iceland
86%
Netherlands
86%
Poland
86%
Latvia
83%
Lithuania
77%
Portugal
60%
No matching quizzes found
Score Distribution
Percent of People with Each Score
Percentile by Number Answered
Your Score History
You have not taken this quiz